000 00608cam a2200181 4500
001 WB3532-20
008 000000n1999 000 0 eng u
035 _a(Sirsi) u102555
245 _aAccess to information and contaminated land surveys.
260 _c1999
490 _aENDS Report
_v(294) July 1999, 55(1)
520 _aDiscusses Maile v Wigan MBC exemption under the Environmental Information Regulations 1992.
650 _aMAILE V WIGAN MBC
650 _aENVIRONMENTAL INFORMATION REGULATIONS 1992
650 _aCONTAMINATED LAND
690 _aENVIRONMENTAL AND LAND CONSULTANCY
942 _n0
999 _c61561
_d61561